[Event "Team Championship (women blitz)"]
[Site "Sochi"]
[Date "2017.10.05"]
[Round "9.6"]
[White "Girya, Olga"]
[Black "Charochkina, Daria"]
[Result "1/2-1/2"]
[LiveChessVersion "1.4.8"]
[BlackElo "2458"]
[WhiteElo "2338"]

1. d4 {[%clk 0:03:03]} f5 {[%clk 0:03:04]} 2. g3 {[%clk 0:03:02]} Nf6
{[%clk 0:03:05]} 3. Bg2 {[%clk 0:03:03]} e6 {[%clk 0:03:06]} 4. Nf3
{[%clk 0:02:57]} d5 {[%clk 0:03:07]} 5. Bf4 {[%clk 0:02:57]} Bd6 {[%clk 0:02:54]}
6. c4 {[%clk 0:02:49]} c6 {[%clk 0:02:53]} 7. Bxd6 {[%clk 0:02:43]} Qxd6
{[%clk 0:02:54]} 8. c5 {[%clk 0:02:35]} Qd8 {[%clk 0:02:48]} 9. Ne5
{[%clk 0:02:26]} O-O {[%clk 0:02:45]} 10. Nd2 {[%clk 0:02:27]} Nbd7
{[%clk 0:02:44]} 11. Ndf3 {[%clk 0:02:29]} Ne4 {[%clk 0:02:40]} 12. O-O
{[%clk 0:02:25]} f4 {[%clk 0:02:34]} 13. b4 {[%clk 0:02:21]} fxg3
{[%clk 0:02:11]} 14. hxg3 {[%clk 0:02:22]} Ndf6 {[%clk 0:02:13]} 15. a4
{[%clk 0:02:10]} Qe8 {[%clk 0:02:14]} 16. Qb3 {[%clk 0:01:36]} Bd7
{[%clk 0:02:14]} 17. Qe3 {[%clk 0:01:22]} Qh5 {[%clk 0:02:05]} 18. Nd2
{[%clk 0:01:06]} Nxd2 {[%clk 0:01:37]} 19. Qxd2 {[%clk 0:01:07]} Ng4
{[%clk 0:01:38]} 20. Nxg4 {[%clk 0:01:04]} Qxg4 {[%clk 0:01:40]} 21. Ra3
{[%clk 0:00:57]} Rf6 {[%clk 0:01:39]} 22. Bf3 {[%clk 0:00:47]} Qh3
{[%clk 0:01:39]} 23. Re3 {[%clk 0:00:32]} Raf8 {[%clk 0:01:04]} 24. Re5
{[%clk 0:00:32]} Rh6 {[%clk 0:01:03]} 25. Bg2 {[%clk 0:00:28]} 1/2-1/2

[Event "Team Championship (women blitz)"]
[Site "Sochi"]
[Date "2017.10.05"]
[Round "9.7"]
[White "Potapova, Margarita"]
[Black "Nechaeva, Marina"]
[Result "1-0"]
[LiveChessVersion "1.4.8"]
[BlackElo "2347"]
[WhiteElo "2031"]

1. d4 {[%clk 0:03:03]} d5 {[%clk 0:03:04]} 2. c4 c6 3. Nc3 {[%clk 0:03:04]} Nf6
{[%clk 0:03:06]} 4. cxd5 {[%clk 0:03:05]} cxd5 {[%clk 0:03:07]} 5. Bf4
{[%clk 0:03:06]} Qb6 {[%clk 0:03:03]} 6. Qc2 {[%clk 0:02:33]} Bd7
{[%clk 0:02:56]} 7. e3 {[%clk 0:02:33]} e6 {[%clk 0:02:48]} 8. Nf3
{[%clk 0:02:30]} Qa5 {[%clk 0:02:48]} 9. Bd3 {[%clk 0:02:28]} Nc6
{[%clk 0:02:49]} 10. Qe2 {[%clk 0:02:19]} Bb4 {[%clk 0:02:47]} 11. O-O
{[%clk 0:02:15]} Bxc3 {[%clk 0:02:48]} 12. bxc3 {[%clk 0:02:16]} Qxc3
{[%clk 0:02:49]} 13. Rfc1 {[%clk 0:02:10]} Qa3 {[%clk 0:02:40]} 14. Rcb1
{[%clk 0:01:44]} b6 {[%clk 0:02:30]} 15. Rb3 {[%clk 0:01:43]} Qe7
{[%clk 0:02:31]} 16. Ba6 {[%clk 0:01:39]} O-O {[%clk 0:02:22]} 17. Rc1
{[%clk 0:01:36]} Ne4 {[%clk 0:01:58]} 18. Ne5 {[%clk 0:01:09]} Nxe5
{[%clk 0:01:53]} 19. Bxe5 {[%clk 0:01:09]} f6 {[%clk 0:01:46]} 20. Bc7
{[%clk 0:00:51]} Bc8 {[%clk 0:01:30]} 21. Bb5 {[%clk 0:00:48]} Bb7
{[%clk 0:01:29]} 22. a4 {[%clk 0:00:15]} Rfc8 {[%clk 0:01:28]} 23. Qc2
{[%clk 0:00:07]} h6 {[%clk 0:00:58]} 24. Bd3 {[%clk 0:00:08]} Nd6 25. Rc3 Nc4
{[%clk 0:00:41]} 26. Bxc4 {[%clk 0:00:10]} Rxc7 {[%clk 0:00:42]} 27. Bd3
{[%clk 0:00:08]} Rxc3 28. Qxc3 {[%clk 0:00:09]} Rc8 {[%clk 0:00:41]} 29. Qb2
{[%clk 0:00:10]} Rxc1+ {[%clk 0:00:40]} 30. Qxc1 {[%clk 0:00:12]} Qd7
{[%clk 0:00:38]} 31. Bb5 {[%clk 0:00:12]} Qc8 {[%clk 0:00:38]} 32. Qa3
{[%clk 0:00:11]} Qc7 {[%clk 0:00:36]} 33. g3 {[%clk 0:00:12]} Kf7
{[%clk 0:00:32]} 34. Be2 {[%clk 0:00:11]} Bc6 {[%clk 0:00:26]} 35. Kg2
{[%clk 0:00:10]} Qd7 {[%clk 0:00:26]} 36. a5 {[%clk 0:00:11]} bxa5
{[%clk 0:00:25]} 37. Qxa5 {[%clk 0:00:12]} Qb7 {[%clk 0:00:26]} 38. Qd8
{[%clk 0:00:11]} Qd7 {[%clk 0:00:20]} 39. Qh8 {[%clk 0:00:11]} Qe8
{[%clk 0:00:08]} 40. Bh5+ {[%clk 0:00:09]} g6 {[%clk 0:00:07]} 41. Qh7+
{[%clk 0:00:10]} Kf8 {[%clk 0:00:08]} 42. Bxg6 {[%clk 0:00:11]} Qe7
{[%clk 0:00:08]} 43. Qh8# {[%clk 0:00:12]} 1-0

[Event "Team Championship (women blitz)"]
[Site "Sochi"]
[Date "2017.10.05"]
[Round "9.8"]
[White "Kovanova, Baira"]
[Black "Gritsayeva, Oksana"]
[Result "1-0"]
[LiveChessVersion "1.4.8"]
[BlackElo "2216"]
[WhiteElo "2286"]

1. e4 {[%clk 0:03:03]} c5 {[%clk 0:03:03]} 2. Nf3 {[%clk 0:03:03]} e6
{[%clk 0:03:05]} 3. d4 {[%clk 0:03:03]} cxd4 {[%clk 0:03:06]} 4. Nxd4
{[%clk 0:03:04]} a6 {[%clk 0:03:07]} 5. Bd3 {[%clk 0:03:03]} Qc7 {[%clk 0:03:08]}
6. O-O {[%clk 0:03:01]} Nf6 {[%clk 0:03:09]} 7. c4 {[%clk 0:03:01]} d6
{[%clk 0:03:10]} 8. Nc3 {[%clk 0:03:01]} Be7 {[%clk 0:03:11]} 9. Be3
{[%clk 0:02:59]} Nbd7 {[%clk 0:03:12]} 10. Rc1 {[%clk 0:02:47]} b6
{[%clk 0:03:10]} 11. b3 {[%clk 0:02:32]} Bb7 {[%clk 0:03:11]} 12. f3
{[%clk 0:02:30]} O-O {[%clk 0:03:10]} 13. Qe2 {[%clk 0:02:30]} Rac8
{[%clk 0:03:07]} 14. Qf2 {[%clk 0:02:28]} Qb8 {[%clk 0:03:04]} 15. Be2
{[%clk 0:02:21]} Rfe8 {[%clk 0:02:57]} 16. Na4 {[%clk 0:01:41]} Bd8
{[%clk 0:02:54]} 17. Rfd1 {[%clk 0:01:36]} Bc7 {[%clk 0:02:46]} 18. g3
{[%clk 0:01:07]} h6 {[%clk 0:02:42]} 19. Nc2 {[%clk 0:00:52]} Bc6
{[%clk 0:02:36]} 20. Nc3 {[%clk 0:00:49]} Kh7 {[%clk 0:02:25]} 21. Nb4
{[%clk 0:00:49]} Bb7 {[%clk 0:02:25]} 22. Na4 {[%clk 0:00:48]} Nc5
{[%clk 0:02:21]} 23. Nxc5 {[%clk 0:00:30]} bxc5 {[%clk 0:02:13]} 24. Nd3
{[%clk 0:00:27]} e5 {[%clk 0:02:07]} 25. Bf1 {[%clk 0:00:25]} Bc6
{[%clk 0:02:03]} 26. Ne1 {[%clk 0:00:19]} a5 {[%clk 0:02:01]} 27. Rb1
{[%clk 0:00:17]} a4 {[%clk 0:01:49]} 28. Bg2 {[%clk 0:00:16]} axb3
{[%clk 0:01:42]} 29. axb3 {[%clk 0:00:16]} Ba5 {[%clk 0:01:34]} 30. Nc2
{[%clk 0:00:15]} Bc3 {[%clk 0:01:32]} 31. Qe2 {[%clk 0:00:14]} Qc7
{[%clk 0:01:29]} 32. Qd3 {[%clk 0:00:14]} Bd4 {[%clk 0:01:27]} 33. Nxd4
{[%clk 0:00:13]} exd4 {[%clk 0:01:14]} 34. Bxd4 {[%clk 0:00:10]} cxd4
{[%clk 0:01:10]} 35. e5+ {[%clk 0:00:11]} Ne4 {[%clk 0:01:05]} 36. exd6
{[%clk 0:00:10]} Qxd6 {[%clk 0:00:48]} 37. fxe4 {[%clk 0:00:11]} Qe5
{[%clk 0:00:40]} 38. Qxd4 {[%clk 0:00:11]} Bxe4 {[%clk 0:00:35]} 39. Bxe4+
{[%clk 0:00:10]} Qxe4 {[%clk 0:00:35]} 40. Qxe4+ Rxe4 {[%clk 0:00:36]} 41. Rd2
{[%clk 0:00:11]} Re3 {[%clk 0:00:33]} 42. Rc2 {[%clk 0:00:11]} Kg6
{[%clk 0:00:23]} 43. c5 {[%clk 0:00:12]} Kf5 {[%clk 0:00:21]} 44. b4
{[%clk 0:00:12]} Ke6 {[%clk 0:00:19]} 45. b5 {[%clk 0:00:12]} Re5
{[%clk 0:00:20]} 46. c6 {[%clk 0:00:12]} Kd6 {[%clk 0:00:15]} 47. b6
{[%clk 0:00:12]} Rc5 {[%clk 0:00:09]} 48. Rxc5 {[%clk 0:00:12]} Kxc5
{[%clk 0:00:10]} 49. b7 {[%clk 0:00:12]} Kd5 1-0

[Event "Team Championship (women blitz)"]
[Site "Sochi"]
[Date "2017.10.05"]
[Round "9.9"]
[White "Bodnaruk, Anastasia"]
[Black "Garifullina, Leya"]
[Result "1-0"]
[LiveChessVersion "1.4.8"]
[BlackElo "1872"]
[WhiteElo "2439"]

1. e4 e5 {[%clk 0:02:58]} 2. Nf3 {[%clk 0:03:04]} Nc6 {[%clk 0:02:59]} 3. Bc4
{[%clk 0:03:06]} Bc5 {[%clk 0:02:56]} 4. d3 {[%clk 0:03:06]} Nf6 {[%clk 0:02:52]}
5. O-O {[%clk 0:03:06]} O-O {[%clk 0:02:51]} 6. c3 {[%clk 0:03:08]} d6
{[%clk 0:02:52]} 7. Re1 {[%clk 0:03:05]} Bb6 {[%clk 0:02:39]} 8. Bb3
{[%clk 0:03:05]} Be6 {[%clk 0:02:40]} 9. Bc2 {[%clk 0:03:04]} Bg4
{[%clk 0:01:47]} 10. h3 {[%clk 0:03:00]} Bxf3 {[%clk 0:01:40]} 11. Qxf3
{[%clk 0:03:00]} d5 {[%clk 0:01:34]} 12. Bg5 {[%clk 0:02:56]} dxe4
{[%clk 0:01:29]} 13. dxe4 {[%clk 0:02:57]} h6 {[%clk 0:01:30]} 14. Bh4
{[%clk 0:02:42]} g5 {[%clk 0:00:44]} 15. Bg3 {[%clk 0:02:41]} Kg7
{[%clk 0:00:45]} 16. Na3 {[%clk 0:02:30]} Qe7 {[%clk 0:00:38]} 17. Nc4
{[%clk 0:02:27]} Qe6 {[%clk 0:00:27]} 18. Bb3 {[%clk 0:02:25]} Qe7
{[%clk 0:00:22]} 19. Qf5 {[%clk 0:02:14]} Rfe8 {[%clk 0:00:23]} 20. Ba4
{[%clk 0:02:15]} Qe6 {[%clk 0:00:08]} 21. Qxe6 {[%clk 0:02:10]} Rxe6
{[%clk 0:00:07]} 22. Bxc6 {[%clk 0:02:10]} bxc6 {[%clk 0:00:04]} 23. Bxe5
{[%clk 0:01:46]} Rae8 {[%clk 0:00:05]} 24. Bxf6+ {[%clk 0:01:46]} Rxf6
{[%clk 0:00:04]} 25. Re2 {[%clk 0:01:48]} Rf4 {[%clk 0:00:03]} 26. Nd2
{[%clk 0:01:08]} Rf6 {[%clk 0:00:04]} 27. Rae1 {[%clk 0:01:02]} h5
{[%clk 0:00:05]} 28. g3 {[%clk 0:01:02]} Rfe6 {[%clk 0:00:05]} 29. Kg2
{[%clk 0:01:00]} Kg6 {[%clk 0:00:06]} 30. Nc4 {[%clk 0:00:58]} R6e7
{[%clk 0:00:06]} 31. f4 {[%clk 0:00:51]} gxf4 {[%clk 0:00:07]} 32. gxf4
{[%clk 0:00:53]} f6 {[%clk 0:00:06]} 33. Kf3 {[%clk 0:00:54]} Kf7
{[%clk 0:00:07]} 34. e5 {[%clk 0:00:50]} fxe5 {[%clk 0:00:08]} 35. Nxe5+
{[%clk 0:00:51]} Kf6 {[%clk 0:00:04]} 36. Nd7+ {[%clk 0:00:34]} Kf7
{[%clk 0:00:03]} 37. Rxe7+ {[%clk 0:00:35]} Rxe7 {[%clk 0:00:03]} 38. Rxe7+
{[%clk 0:00:36]} Kxe7 {[%clk 0:00:04]} 39. Nxb6 {[%clk 0:00:37]} axb6
{[%clk 0:00:05]} 40. Ke4 {[%clk 0:00:30]} Ke6 {[%clk 0:00:07]} 41. a4
{[%clk 0:00:27]} Kf6 {[%clk 0:00:06]} 42. b4 {[%clk 0:00:28]} Ke6
{[%clk 0:00:07]} 43. a5 {[%clk 0:00:28]} Kd5+ 1-0

[Event "Team Championship (women blitz)"]
[Site "Sochi"]
[Date "2017.10.05"]
[Round "9.10"]
[White "Stepanyan, Eva"]
[Black "Ovod, Evgenija"]
[Result "1/2-1/2"]
[LiveChessVersion "1.4.8"]
[BlackElo "2191"]
[WhiteElo "1760"]

1. e4 {[%clk 0:03:03]} e6 {[%clk 0:03:04]} 2. d4 {[%clk 0:03:04]} d5
{[%clk 0:03:05]} 3. Nd2 {[%clk 0:03:05]} c5 {[%clk 0:03:06]} 4. exd5 Qxd5
{[%clk 0:03:07]} 5. Ngf3 {[%clk 0:03:07]} Nf6 {[%clk 0:03:07]} 6. Bc4
{[%clk 0:03:04]} Qd6 {[%clk 0:03:05]} 7. O-O {[%clk 0:03:04]} cxd4
{[%clk 0:03:05]} 8. Nb3 Nc6 {[%clk 0:03:04]} 9. Nbxd4 {[%clk 0:03:05]} Nxd4
{[%clk 0:03:04]} 10. Nxd4 {[%clk 0:03:05]} Qc7 {[%clk 0:02:56]} 11. Bb3
{[%clk 0:03:02]} a6 {[%clk 0:02:40]} 12. Qf3 {[%clk 0:03:02]} Bd6
{[%clk 0:02:34]} 13. c3 {[%clk 0:02:56]} Bxh2+ {[%clk 0:02:33]} 14. Kh1
{[%clk 0:02:57]} Bd6 {[%clk 0:02:27]} 15. Bg5 {[%clk 0:02:55]} Be7
{[%clk 0:02:08]} 16. Rfe1 {[%clk 0:02:49]} O-O {[%clk 0:02:05]} 17. Bf4
{[%clk 0:02:49]} Bd6 {[%clk 0:02:05]} 18. Bg5 {[%clk 0:02:46]} Nd7
{[%clk 0:02:04]} 19. Rad1 {[%clk 0:02:28]} Ne5 {[%clk 0:02:03]} 20. Qe2
{[%clk 0:02:24]} Ng6 {[%clk 0:01:55]} 21. Nf3 {[%clk 0:02:09]} Bf4
{[%clk 0:01:55]} 22. Rd4 {[%clk 0:01:52]} Bxg5 {[%clk 0:01:52]} 23. Nxg5
{[%clk 0:01:51]} h6 {[%clk 0:01:47]} 24. Nf3 {[%clk 0:01:41]} b5 {[%clk 0:01:46]}
25. Red1 {[%clk 0:01:34]} Bb7 {[%clk 0:01:40]} 26. Rd7 {[%clk 0:01:27]} Qc6
{[%clk 0:01:39]} 27. R1d6 {[%clk 0:00:49]} Qe4 {[%clk 0:01:40]} 28. Qd1
{[%clk 0:00:32]} Bc8 {[%clk 0:01:07]} 29. Rd4 {[%clk 0:00:25]} Qf5
{[%clk 0:01:05]} 30. R7d6 {[%clk 0:00:25]} Bb7 {[%clk 0:00:55]} 31. Bc2
{[%clk 0:00:16]} Qh5+ {[%clk 0:00:56]} 32. Kg1 {[%clk 0:00:17]} Bxf3
{[%clk 0:00:55]} 33. Qxf3 {[%clk 0:00:14]} Qxf3 {[%clk 0:00:56]} 34. gxf3
{[%clk 0:00:15]} Ne7 {[%clk 0:00:52]} 35. Be4 {[%clk 0:00:15]} Ra7
{[%clk 0:00:50]} 36. Rd7 {[%clk 0:00:14]} Rxd7 {[%clk 0:00:46]} 37. Rxd7
{[%clk 0:00:15]} Nf5 {[%clk 0:00:41]} 38. Bxf5 {[%clk 0:00:15]} exf5
{[%clk 0:00:42]} 39. Ra7 {[%clk 0:00:16]} Rd8 {[%clk 0:00:40]} 40. Rxa6
{[%clk 0:00:17]} Rd2 {[%clk 0:00:41]} 41. b3 {[%clk 0:00:17]} Rc2
{[%clk 0:00:41]} 42. Ra5 {[%clk 0:00:17]} Rxc3 {[%clk 0:00:42]} 43. Rxb5
{[%clk 0:00:18]} Rxf3 {[%clk 0:00:43]} 44. Kg2 {[%clk 0:00:18]} Rf4
{[%clk 0:00:38]} 45. Rb8+ {[%clk 0:00:19]} Kh7 {[%clk 0:00:40]} 46. a4
{[%clk 0:00:19]} Rg4+ 1/2-1/2

[Event "Team Championship (women blitz)"]
[Site "Sochi"]
[Date "2017.10.05"]
[Round "9.11"]
[White "Belenkaya, Dina"]
[Black "Chekletsova, Darya"]
[Result "1/2-1/2"]
[LiveChessVersion "1.4.8"]
[BlackElo "1383"]
[WhiteElo "2204"]

1. e4 {[%clk 0:03:03]} c5 {[%clk 0:03:04]} 2. Nf3 {[%clk 0:03:04]} d6
{[%clk 0:03:05]} 3. Bb5+ {[%clk 0:03:05]} Bd7 {[%clk 0:03:05]} 4. Bxd7+
{[%clk 0:03:06]} Qxd7 {[%clk 0:03:06]} 5. O-O {[%clk 0:03:06]} Nf6
{[%clk 0:03:07]} 6. Re1 {[%clk 0:03:07]} Nc6 {[%clk 0:03:08]} 7. c3
{[%clk 0:03:05]} g6 {[%clk 0:03:09]} 8. d4 {[%clk 0:03:06]} cxd4 {[%clk 0:03:10]}
9. cxd4 {[%clk 0:03:07]} Bg7 {[%clk 0:03:10]} 10. Nc3 {[%clk 0:03:08]} O-O
{[%clk 0:03:11]} 11. d5 {[%clk 0:03:09]} Na5 {[%clk 0:03:03]} 12. Qd3
{[%clk 0:02:55]} b6 {[%clk 0:02:57]} 13. Be3 {[%clk 0:02:55]} Nb7
{[%clk 0:02:57]} 14. Bd4 {[%clk 0:02:56]} Nc5 {[%clk 0:02:53]} 15. Qd2
{[%clk 0:02:57]} Rac8 {[%clk 0:02:53]} 16. b3 {[%clk 0:02:53]} Ng4
{[%clk 0:02:28]} 17. h3 {[%clk 0:02:44]} Nf6 {[%clk 0:02:29]} 18. Rac1
{[%clk 0:02:43]} Rfd8 {[%clk 0:02:29]} 19. Qe3 {[%clk 0:01:55]} Rc7
{[%clk 0:02:20]} 20. Red1 {[%clk 0:01:44]} Rdc8 {[%clk 0:02:20]} 21. Nd2
{[%clk 0:01:19]} Nh5 {[%clk 0:02:02]} 22. Bxg7 {[%clk 0:01:16]} Kxg7
{[%clk 0:02:00]} 23. f4 {[%clk 0:01:06]} Nf6 {[%clk 0:02:00]} 24. Qd4
{[%clk 0:01:07]} Kg8 {[%clk 0:01:46]} 25. Nc4 {[%clk 0:01:07]} b5
{[%clk 0:01:36]} 26. Na5 {[%clk 0:00:50]} Ncxe4 {[%clk 0:01:20]} 27. Ne2
{[%clk 0:00:42]} Rxc1 {[%clk 0:01:19]} 28. Rxc1 {[%clk 0:00:36]} Rxc1+
{[%clk 0:01:19]} 29. Nxc1 {[%clk 0:00:37]} Qc7 {[%clk 0:01:19]} 30. Nc6
{[%clk 0:00:38]} Nc5 {[%clk 0:01:15]} 31. Ne2 {[%clk 0:00:34]} Qd7
{[%clk 0:01:14]} 32. Nc3 {[%clk 0:00:35]} a6 {[%clk 0:01:14]} 33. b4
{[%clk 0:00:33]} Nb7 {[%clk 0:01:10]} 34. Ne4 {[%clk 0:00:33]} Nxe4
{[%clk 0:01:10]} 35. Qxe4 {[%clk 0:00:35]} e6 {[%clk 0:01:07]} 36. Nd4
{[%clk 0:00:36]} exd5 {[%clk 0:01:06]} 37. Qxd5 {[%clk 0:00:37]} Qe7
{[%clk 0:01:05]} 38. Kh2 {[%clk 0:00:35]} Qe3 {[%clk 0:00:58]} 39. Qxb7
{[%clk 0:00:35]} Qxf4+ {[%clk 0:00:58]} 40. Kh1 {[%clk 0:00:34]} Qc1+
{[%clk 0:00:50]} 41. Kh2 {[%clk 0:00:34]} Qf4+ {[%clk 0:00:50]} 42. Kh1
{[%clk 0:00:35]} Qc1+ {[%clk 0:00:51]} 43. Kh2 {[%clk 0:00:36]} 1/2-1/2

[Event "Team Championship (women blitz)"]
[Site "Sochi"]
[Date "2017.10.05"]
[Round "9.12"]
[White "Murzina, Agata"]
[Black "Styazhkina, Anna"]
[Result "0-1"]
[LiveChessVersion "1.4.8"]
[BlackElo "2198"]
[WhiteElo "1764"]

1. g3 {[%clk 0:03:02]} d5 {[%clk 0:03:01]} 2. Bg2 {[%clk 0:03:02]} c6
{[%clk 0:03:01]} 3. d3 {[%clk 0:02:58]} Nf6 {[%clk 0:03:01]} 4. Nd2
{[%clk 0:02:50]} e5 {[%clk 0:02:58]} 5. e4 {[%clk 0:02:47]} Bg4 {[%clk 0:02:43]}
6. Ngf3 {[%clk 0:02:31]} Bd6 {[%clk 0:02:34]} 7. h3 {[%clk 0:02:26]} Bh5
{[%clk 0:02:29]} 8. O-O {[%clk 0:02:16]} O-O {[%clk 0:02:29]} 9. exd5
{[%clk 0:01:52]} cxd5 {[%clk 0:01:57]} 10. Re1 {[%clk 0:01:37]} Nc6
{[%clk 0:01:57]} 11. c3 {[%clk 0:01:21]} Bc7 {[%clk 0:01:42]} 12. Qb3
{[%clk 0:01:15]} Rb8 {[%clk 0:01:43]} 13. Nf1 {[%clk 0:00:55]} Re8
{[%clk 0:01:33]} 14. Bg5 {[%clk 0:00:51]} h6 {[%clk 0:01:05]} 15. Bxf6
{[%clk 0:00:51]} Qxf6 {[%clk 0:01:06]} 16. N1h2 {[%clk 0:00:22]} e4
{[%clk 0:00:41]} 17. dxe4 {[%clk 0:00:18]} dxe4 {[%clk 0:00:42]} 18. Nh4
{[%clk 0:00:12]} Bb6 {[%clk 0:00:39]} 19. Re2 {[%clk 0:00:09]} Bxe2
{[%clk 0:00:38]} 20. Qd5 {[%clk 0:00:04]} Qxf2+ {[%clk 0:00:28]} 21. Kh1
{[%clk 0:00:04]} Rbd8 22. Qb3 {[%clk 0:00:03]} Qxg3 {[%clk 0:00:21]} 23. Nf5
{[%clk 0:00:04]} Qe5 {[%clk 0:00:18]} 24. Nd4 {[%clk 0:00:03]} Nxd4
{[%clk 0:00:17]} 25. cxd4 {[%clk 0:00:04]} Rxd4 {[%clk 0:00:16]} 26. Re1
{[%clk 0:00:05]} Bc7 {[%clk 0:00:14]} 27. Ng4 {[%clk 0:00:03]} Bxg4 28. Kg1 Qh2+
{[%clk 0:00:13]} 29. Kf2 {[%clk 0:00:05]} Qf4+ {[%clk 0:00:11]} 30. Kg1
{[%clk 0:00:06]} Bh5 {[%clk 0:00:11]} 31. Qc3 {[%clk 0:00:05]} Rd7
{[%clk 0:00:08]} 32. Rf1 {[%clk 0:00:04]} Qh2+ {[%clk 0:00:09]} 33. Kf2
{[%clk 0:00:05]} Bb6+ {[%clk 0:00:09]} 34. Ke1 {[%clk 0:00:05]} Rd1#
{[%clk 0:00:10]} 0-1

[Event "Team Championship (women blitz)"]
[Site "Sochi"]
[Date "2017.10.05"]
[Round "10.1"]
[White "Ubiennykh, Ekaterina"]
[Black "Bodnaruk, Anastasia"]
[Result "1-0"]
[LiveChessVersion "1.4.8"]
[BlackElo "2439"]
[WhiteElo "2364"]

1. d4 {[%clk 0:03:03]} d6 {[%clk 0:03:04]} 2. e4 {[%clk 0:03:03]} g6
{[%clk 0:03:05]} 3. Nc3 {[%clk 0:03:03]} Bg7 {[%clk 0:03:05]} 4. Be3
{[%clk 0:03:03]} a6 {[%clk 0:03:07]} 5. f4 {[%clk 0:02:56]} b5 {[%clk 0:03:05]}
6. a3 {[%clk 0:02:50]} Nd7 {[%clk 0:02:58]} 7. Nh3 {[%clk 0:02:43]} Bb7
{[%clk 0:02:50]} 8. Nf2 {[%clk 0:02:43]} e6 {[%clk 0:02:33]} 9. Qd2
{[%clk 0:02:37]} Ne7 {[%clk 0:02:19]} 10. g4 {[%clk 0:02:37]} c5 {[%clk 0:02:14]}
11. h4 {[%clk 0:02:20]} cxd4 {[%clk 0:01:54]} 12. Bxd4 {[%clk 0:02:20]} e5
{[%clk 0:01:55]} 13. fxe5 {[%clk 0:02:13]} Nxe5 {[%clk 0:01:42]} 14. O-O-O
{[%clk 0:02:08]} Nf3 {[%clk 0:01:32]} 15. Bxg7 {[%clk 0:02:05]} Nxd2
{[%clk 0:01:33]} 16. Bxh8 {[%clk 0:01:49]} Nxf1 {[%clk 0:01:34]} 17. Rhxf1
{[%clk 0:01:50]} Qb6 {[%clk 0:01:25]} 18. Bd4 {[%clk 0:01:48]} Qa5
{[%clk 0:01:23]} 19. Nd3 {[%clk 0:01:47]} Rc8 {[%clk 0:01:10]} 20. Nb4
{[%clk 0:01:27]} Rc4 {[%clk 0:01:02]} 21. Ncd5 {[%clk 0:01:09]} Nxd5
{[%clk 0:00:48]} 22. exd5 {[%clk 0:01:09]} Kf8 {[%clk 0:00:28]} 23. h5
{[%clk 0:01:07]} Rc7 {[%clk 0:00:06]} 24. Bf6 {[%clk 0:01:02]} Kg8
{[%clk 0:00:06]} 25. Rfe1 {[%clk 0:00:54]} Rc8 {[%clk 0:00:07]} 26. Re7
{[%clk 0:00:50]} Ba8 {[%clk 0:00:05]} 27. Rde1 {[%clk 0:00:48]} Rf8
{[%clk 0:00:06]} 28. Re8 {[%clk 0:00:42]} Qc7 {[%clk 0:00:05]} 29. h6
{[%clk 0:00:40]} Qc4 {[%clk 0:00:03]} 30. Rxf8+ Kxf8 {[%clk 0:00:05]} 31. Bg7+
{[%clk 0:00:40]} 1-0

[Event "Team Championship (women blitz)"]
[Site "Sochi"]
[Date "2017.10.05"]
[Round "10.2"]
[White "Ovod, Evgenija"]
[Black "Bivol, Alina"]
[Result "1-0"]
[LiveChessVersion "1.4.8"]
[BlackElo "2308"]
[WhiteElo "2191"]

1. d4 {[%clk 0:03:03]} d5 {[%clk 0:02:59]} 2. Bf4 {[%clk 0:03:04]} Nf6 3. e3 c5
{[%clk 0:03:01]} 4. c3 {[%clk 0:03:07]} Nc6 {[%clk 0:03:02]} 5. Nd2
{[%clk 0:03:08]} cxd4 {[%clk 0:03:03]} 6. exd4 {[%clk 0:03:09]} Bf5
{[%clk 0:03:03]} 7. Ngf3 {[%clk 0:03:09]} e6 {[%clk 0:03:04]} 8. Qb3
{[%clk 0:03:09]} Qc8 {[%clk 0:03:06]} 9. Nh4 {[%clk 0:03:10]} Be4
{[%clk 0:03:07]} 10. Nxe4 {[%clk 0:03:10]} dxe4 {[%clk 0:03:07]} 11. g3 Be7
{[%clk 0:03:07]} 12. Ng2 {[%clk 0:03:12]} O-O {[%clk 0:03:01]} 13. Rd1
{[%clk 0:03:09]} Nd5 {[%clk 0:03:00]} 14. Bc1 {[%clk 0:03:10]} Rd8
{[%clk 0:02:52]} 15. Be2 {[%clk 0:03:11]} a5 {[%clk 0:02:43]} 16. a4
{[%clk 0:03:06]} Qd7 {[%clk 0:02:34]} 17. O-O {[%clk 0:03:05]} Rac8
{[%clk 0:02:34]} 18. Qc2 {[%clk 0:02:42]} f5 {[%clk 0:02:18]} 19. f3
{[%clk 0:02:42]} Nf6 {[%clk 0:02:14]} 20. Qb3 {[%clk 0:02:34]} exf3
{[%clk 0:02:04]} 21. Bxf3 {[%clk 0:02:27]} Bf8 {[%clk 0:01:44]} 22. Nf4
{[%clk 0:02:17]} Re8 {[%clk 0:01:36]} 23. Rde1 {[%clk 0:02:15]} Nd8
{[%clk 0:01:37]} 24. Re2 {[%clk 0:01:46]} g5 {[%clk 0:01:14]} 25. Nh5
{[%clk 0:01:33]} Qf7 {[%clk 0:00:51]} 26. Nxf6+ {[%clk 0:01:21]} Qxf6
{[%clk 0:00:53]} 27. Re5 {[%clk 0:01:05]} Nc6 {[%clk 0:00:30]} 28. Bxc6
{[%clk 0:01:05]} bxc6 {[%clk 0:00:20]} 29. Rexf5 {[%clk 0:01:05]} Qe7
{[%clk 0:00:11]} 30. Bxg5 {[%clk 0:00:44]} Qd7 {[%clk 0:00:11]} 31. Bf6
{[%clk 0:00:36]} h6 {[%clk 0:00:13]} 32. Be5 {[%clk 0:00:26]} Re7
{[%clk 0:00:11]} 33. Rf6 {[%clk 0:00:22]} Bg7 {[%clk 0:00:11]} 34. Rg6
{[%clk 0:00:21]} Kh7 {[%clk 0:00:13]} 35. Qc2 {[%clk 0:00:11]} Kg8
{[%clk 0:00:11]} 36. Bxg7 {[%clk 0:00:09]} Rxg7 {[%clk 0:00:13]} 37. Rxg7+
{[%clk 0:00:10]} Qxg7 {[%clk 0:00:13]} 38. Qe4 {[%clk 0:00:10]} Re8
{[%clk 0:00:11]} 39. Qxc6 {[%clk 0:00:11]} Re7 {[%clk 0:00:12]} 40. Qe4
{[%clk 0:00:11]} e5 {[%clk 0:00:13]} 41. Qd5+ {[%clk 0:00:10]} Kh7
{[%clk 0:00:12]} 42. dxe5 {[%clk 0:00:10]} Rxe5 {[%clk 0:00:13]} 43. Qf7
{[%clk 0:00:09]} Re2 {[%clk 0:00:13]} 44. Qxg7+ {[%clk 0:00:10]} Kxg7
{[%clk 0:00:14]} 45. Rf2 {[%clk 0:00:12]} Re1+ {[%clk 0:00:15]} 46. Kg2
{[%clk 0:00:13]} Ra1 {[%clk 0:00:16]} 47. b3 {[%clk 0:00:11]} Rb1 48. Rf5 Rxb3
{[%clk 0:00:17]} 49. Rxa5 {[%clk 0:00:13]} Rxc3 {[%clk 0:00:18]} 50. Rd5
{[%clk 0:00:09]} Ra3 {[%clk 0:00:19]} 51. a5 {[%clk 0:00:10]} Kg6
{[%clk 0:00:20]} 52. g4 {[%clk 0:00:08]} Ra2+ {[%clk 0:00:20]} 53. Kg3
{[%clk 0:00:05]} Kf6 {[%clk 0:00:21]} 54. h4 {[%clk 0:00:04]} Ra3+
{[%clk 0:00:22]} 55. Kg2 {[%clk 0:00:03]} Ra2+ {[%clk 0:00:24]} 56. Kf3
{[%clk 0:00:05]} Ra3+ {[%clk 0:00:25]} 57. Ke2 {[%clk 0:00:06]} Ra4
{[%clk 0:00:24]} 58. Rf5+ {[%clk 0:00:07]} Kg6 {[%clk 0:00:25]} 59. h5+
{[%clk 0:00:08]} Kg7 {[%clk 0:00:27]} 60. Kd3 Rxg4 {[%clk 0:00:27]} 61. Kc3
{[%clk 0:00:09]} Ra4 {[%clk 0:00:28]} 62. Kb3 {[%clk 0:00:11]} Ra1
{[%clk 0:00:28]} 63. Kb4 {[%clk 0:00:12]} Rb1+ {[%clk 0:00:30]} 64. Kc5
{[%clk 0:00:14]} Ra1 {[%clk 0:00:30]} 65. Kb6 {[%clk 0:00:15]} Rb1+
{[%clk 0:00:29]} 66. Rb5 {[%clk 0:00:15]} Ra1 {[%clk 0:00:30]} 67. a6
{[%clk 0:00:17]} Kf6 {[%clk 0:00:30]} 68. Kb7 {[%clk 0:00:18]} Re1
{[%clk 0:00:28]} 69. a7 {[%clk 0:00:17]} Re7+ {[%clk 0:00:29]} 70. Ka6
{[%clk 0:00:18]} Re8 {[%clk 0:00:29]} 71. Rb8 {[%clk 0:00:19]} 1-0